000
00315nam a22001457a 4500
008
221201b ||||| |||| 00| 0 eng d
020
_a
9780815156871
041
_a
eng
080
_a
616.9
082
_a
616.9JOH
100
_a
16.2
101
_a
INFEK
245
_a
ETHNIC SKIN
_c
JOHNSON. MOY
942
_2
udc
_c
BK
999
_c
59064
_d
59064